SpongeBob Episodes Where They Say The Title (Seasons 1-3) - Statistics

General Stats
  • This quiz has been taken 35 times
  • The average score is 12 of 33
Answer Stats
Season Answer Speaker % Correct
Season 1 Help Wanted SpongeBob
96%
Season 1 Pickles SpongeBob/Bubble Bass/Mr. Krabs
75%
Season 1 Mermaid Man and Barnacle Boy SpongeBob/Patrick/TV Announcer
64%
Season 1 Plankton! Mr. Krabs/SpongeBob/Karen
64%
Season 1 Ripped Pants SpongeBob
64%
Season 1 The Paper Paper/SpongeBob/Squidward
57%
Season 1 Jellyfishing SpongeBob/Squidward/Patrick
54%
Season 1 Hall Monitor Mrs. Puff/SpongeBob
50%
Season 1 Arrgh! Mr. Krabs/SpongeBob/Patrick/Flying Dutchman
46%
Season 1 Hooky Patrick
43%
Season 1 Rock Bottom SpongeBob
43%
Season 1 Suds SpongeBob/Mr. Krabs/Purple Doctor/Patrick
43%
Season 1 Texas Sandy/SpongeBob/Patrick
43%
Season 1 Valentine's Day SpongeBob/Sandy/Patrick/Incidental 42
43%
Season 2 Bubble Buddy SpongeBob/Mr. Krabs/Squidward
36%
Season 1 MuscleBob BuffPants Scooter
36%
Season 2 Wormy Sandy/SpongeBob/Patrick/Squidward
36%
Season 2 Christmas Who? SpongeBob
32%
Season 1 F.U.N. SpongeBob
32%
Season 1 Opposite Day Squidward/SpongeBob/Patrick
32%
Season 1 Employee of the Month SpongeBob/Squidward
29%
Season 1 Sandy's Rocket Patrick
29%
Season 2 Big Pink Loser Patrick
25%
Season 2 Squid's Day Off Squidward
25%
Season 2 Shanghaied Patchy
21%
Season 2 Prehibernation Week Sandy
18%
Season 2 Jellyfish Hunter French Narrator
14%
Season 2 The Fry Cook Games SpongeBob
14%
Season 3 Clams Squidward/Mr. Krabs
11%
Season 2 Imitation Krabs SpongeBob
11%
Season 2 Squirrel Jokes Mr. Krabs/Sandy/Franco/SpongeBob
11%
Season 3 Krabby Land Mr. Krabs/SpongeBob
4%
Season 3 Nasty Patty SpongeBob
4%
No matching quizzes found
Score Distribution
Percent of People with Each Score
Percentile by Number Answered
Your Score History
You have not taken this quiz